Estudio y comprensión de la naturaleza: 8§ año básico, texto para el estudiante

Saved in:
Bibliographic Details
Main Authors: Monserrat Gutiérrez, José Luis (autor), Contreras Torres, Angela (Author), Méndez Pladellorens, Estrella (Author)
Format: Book
Language:Spanish
Published: Santiago Mare Nostrum 2002
Edition:1a. ed
Subjects:
Tags: Add Tag
No Tags, Be the first to tag this record!

MARC

LEADER 00000nam a2200000 a 4500
001 UCL7230
003 CL-VaPUC
008 040514e20020000CL |||||||||||||||||spa|d
020 |a 8495509423 
082 0 4 |a 372.357  |b MON  |2 21 
100 |a Monserrat Gutiérrez, José Luis  |e autor  |9 485066 
700 0 |a Contreras Torres, Angela  |e author  |9 485067 
700 0 |a Méndez Pladellorens, Estrella  |e author  |9 485068 
245 1 0 |a Estudio y comprensión de la naturaleza: 8§ año básico, texto para el estudiante 
250 |a 1a. ed 
300 |a 176 p 
942 |c BK 
945 |d 20040514 00:00:00  |a cmena 
260 |a Santiago  |b Mare Nostrum  |c 2002 
650 0 |a Educación básica   |9 224933 
650 0 |a Enseñanza de las ciencias  |9 331919 
650 0 |a Educación científica   |9 307484 
650 0 |a Libros de texto  |9 270019 
583 |a last modification  |c 20190610 15:15:05  |k Rodrigo Vera 
999 |c 309080  |d 309078 
952 |0 0  |1 0  |4 0  |6 372_357000000000000_MON_2002  |7 0  |8 P  |9 376251  |a BIBEDU  |b BIBEDU  |c BIBEDU_PB  |d 2019-11-21  |i 4011724  |o 372.357 MON 2002  |p 4011724  |r 2024-01-25  |w 2019-11-21  |y BK  |k EBA 
952 |0 0  |1 0  |4 0  |6 372_357000000000000_MON_2002  |7 0  |8 P  |9 376252  |a BIBEDU  |b BIBEDU  |c BIBEDU_PB  |d 2019-11-21  |i 4025741  |o 372.357 MON 2002  |p 4025741  |r 2024-01-25  |w 2019-11-21  |y BK  |k EBA 
952 |0 0  |1 0  |4 0  |6 372_357000000000000_MON_2002  |7 0  |8 P  |9 376253  |a BIBEDU  |b BIBEDU  |d 2019-11-21  |i 4060121  |o 372.357 MON 2002  |p 4060121  |r 2019-11-21  |w 2019-11-21  |y BK  |k EPE 
952 |0 0  |1 0  |4 0  |6 372_357000000000000_MON_2002  |7 0  |8 P  |9 376254  |a BIBEDU  |b BIBEDU  |d 2019-11-21  |i 4222334  |o 372.357 MON 2002  |p 4222334  |r 2019-11-21  |w 2019-11-21  |y BK  |k EBA 
952 |0 0  |1 0  |4 0  |6 372_357000000000000_MON_2002  |7 0  |8 P  |9 376255  |a BIBEDU  |b BIBEDU  |c BIBEDU_PB  |d 2019-11-21  |i 4222350  |o 372.357 MON 2002  |p 4222350  |r 2024-01-25  |w 2019-11-21  |y BK  |k EBA